Which are capitals of Asian countries?#1 - Statistics

General Stats
  • This quiz has been taken 32 times
  • The average score is 5 of 12
Answers on the Grid
Answers color-coded by a green-red scale on the quiz's grid according to % correct below.
Surabaya
Thimphu
Timbuktu
Beijing
Kyoto
Dhaka
Mecca
Kolkata
New Delhi
Sri jayewardenepura kotte
Ho chi minh city
Baghdad
Jakarta
Ashgabat
Turkmenabat
Dili
San Jose
Bandar seri begawan
Sinjion peikapra
Tegucigalpa
Naypyidaw
Dushanbe
Islamabad
Daimyo
 
Answer Stats
Answer % Correct
New Delhi
80%
Beijing
76%
Baghdad
64%
Dhaka
64%
Sri jayewardenepura kotte
64%
Thimphu
60%
Ashgabat
32%
Dili
24%
Bandar seri begawan
20%
Dushanbe
20%
Islamabad
20%
Naypyidaw
20%
No matching quizzes found
Score Distribution
Percent of People with Each Score
Percentile by Number Answered
Your Score History
You have not taken this quiz